[Event "Edmonton-ch"]
[Site "Edmonton CAN"]
[Date "2015.01.22"]
[Round "2.1"]
[White "Wang, Richard"]
[Black "Hughey, Micah"]
[Result "1/2-1/2"]
[WhiteElo "2373"]
[BlackElo "2091"]
[PlyCount "93"]
[GameId "2160767908985067"]
[EventDate "2015.01.08"]
[EventType "k.o."]
[EventCountry "CAN"]
[SourceTitle "EXT 2019"]
[Source "ChessBase"]
[SourceDate "2018.10.10"]
[SourceVersion "1"]
[SourceVersionDate "2018.10.10"]
[SourceQuality "1"]

1. d4 d5 2. Nf3 Nf6 3. Bg5 e6 4. e3 c5 5. c3 Nbd7 6. Bd3 h6 7. Bh4 Bd6 8. Nbd2 Qc7 9. Qe2 b6 10. dxc5 Nxc5 11. Bxf6 Nxd3+ 12. Qxd3 gxf6 13. a4 Bb7 14. a5 bxa5 15. O-O Qb6 16. Rfe1 Ba6 17. Qc2 Rb8 18. Qa4+ Kf8 19. Qh4 Be7 20. e4 dxe4 21. Nxe4 f5 22. Nf6 Qd8 23. Rad1 Bd3 24. Qf4 Rxb2 25. Ne5 Bxf6 26. Rxd3 Qe7 27. Red1 Kg7 28. Rd7 Bxe5 29. Qxe5+ Qf6 30. Qxa5 Rc8 31. Qxa7 Rxc3 32. h3 Rcc2 33. Rxf7+ Qxf7 34. Rd7 Qxd7 35. Qxd7+ Kf6 36. Qd4+ Kg6 37. Qe5 Re2 38. Qg3+ Kf7 39. Qc7+ Kf6 40. Qc3+ e5 41. h4 f4 42. Qc6+ Kg7 43. h5 Rxf2 44. Qg6+ Kf8 45. Qxh6+ Kg8 46. Qe6+ Kf8 47. Qh6+ 1/2-1/2

[Event "Edmonton-ch"]
[Site "Edmonton CAN"]
[Date "2015.01.29"]
[Round "2.2"]
[White "Hughey, Micah"]
[Black "Wang, Richard"]
[Result "1/2-1/2"]
[WhiteElo "2091"]
[BlackElo "2373"]
[PlyCount "37"]
[GameId "2160767908985069"]
[EventDate "2015.01.08"]
[EventType "k.o."]
[EventCountry "CAN"]
[SourceTitle "EXT 2019"]
[Source "ChessBase"]
[SourceDate "2018.10.10"]
[SourceVersion "1"]
[SourceVersionDate "2018.10.10"]
[SourceQuality "1"]

1. c4 c5 2. Nf3 b6 3. Nc3 Bb7 4. e3 Nf6 5. d4 cxd4 6. exd4 e6 7. d5 Bb4 8. Bd2 Qe7 9. Be2 exd5 10. Nxd5 Nxd5 11. cxd5 Bxd5 12. O-O Be6 13. Bf4 Qf6 14. Be5 Qh6 15. Qa4 Bc5 16. Bf4 Qf6 17. Be5 Qh6 18. Bf4 Qf6 19. Be5 1/2-1/2

[Event "Edmonton-ch"]
[Site "Edmonton CAN"]
[Date "2015.02.02"]
[Round "2.4"]
[White "Wang, Richard"]
[Black "Hughey, Micah"]
[Result "1-0"]
[WhiteElo "2373"]
[BlackElo "2091"]
[PlyCount "129"]
[GameId "2160767908985072"]
[EventDate "2015.01.08"]
[EventType "k.o."]
[EventCountry "CAN"]
[SourceTitle "EXT 2019"]
[Source "ChessBase"]
[SourceDate "2018.10.10"]
[SourceVersion "1"]
[SourceVersionDate "2018.10.10"]
[SourceQuality "1"]

1. d4 d5 2. Nf3 Nf6 3. e3 c5 4. c4 cxd4 5. exd4 g6 6. Nc3 Bg7 7. cxd5 Nxd5 8. Qb3 Nxc3 9. bxc3 O-O 10. Be2 Nc6 11. O-O Qc7 12. Be3 Be6 13. Qa3 Na5 14. Nd2 Rac8 15. Rac1 Rfd8 16. Nb3 Bc4 17. Bxc4 Nxc4 18. Qxa7 Ra8 19. Qc5 Qxc5 20. Nxc5 b6 21. Nd3 Rxa2 22. Nb4 Ra3 23. Nc6 Rd7 24. Ra1 Rxa1 25. Rxa1 Nxe3 26. Ra8+ Bf8 27. fxe3 Rc7 28. d5 Kg7 29. e4 e6 30. Kf2 exd5 31. exd5 Rd7 32. c4 b5 33. cxb5 Rxd5 34. Rb8 Bc5+ 35. Ke2 Bg1 36. h3 Rc5 37. Rb7 Rc2+ 38. Kf3 Kf6 39. Nd8 Rc3+ 40. Ke2 Rc2+ 41. Kf1 Rc1+ 42. Ke2 Rc2+ 43. Kd3 Rxg2 44. Rxf7+ Kg5 45. Rxh7 Rb2 46. Kc4 Rc2+ 47. Kb3 Rd2 48. Nc6 Rh2 49. Ne5 Kf5 50. Nf3 Rh1 51. Nxg1 Rxg1 52. Kb4 Rb1+ 53. Kc5 g5 54. b6 Kf4 55. Kc6 Kg3 56. Rh5 Kf4 57. b7 Rc1+ 58. Kb6 Rb1+ 59. Kc7 Rc1+ 60. Kb8 Rc3 61. Rh6 Rb3 62. Kc7 Rc3+ 63. Rc6 Rxh3 64. b8=Q Rh7+ 65. Kb6+ 1-0

[Event "Edmonton-ch"]
[Site "Edmonton CAN"]
[Date "2015.02.02"]
[Round "2.5"]
[White "Wang, Richard"]
[Black "Hughey, Micah"]
[Result "1-0"]
[WhiteElo "2373"]
[BlackElo "2091"]
[PlyCount "101"]
[GameId "2160767908985073"]
[EventDate "2015.01.08"]
[EventType "k.o."]
[EventCountry "CAN"]
[SourceTitle "EXT 2019"]
[Source "ChessBase"]
[SourceDate "2018.10.10"]
[SourceVersion "1"]
[SourceVersionDate "2018.10.10"]
[SourceQuality "1"]

1. d4 d5 2. Nf3 Nf6 3. e3 c5 4. c3 Nc6 5. Nbd2 e6 6. Bd3 Be7 7. O-O Qc7 8. dxc5 Bxc5 9. b4 Be7 10. Bb2 O-O 11. Qe2 e5 12. e4 dxe4 13. Nxe4 Nxe4 14. Bxe4 Bf6 15. a3 Be6 16. c4 Bg4 17. h3 Bxf3 18. Qxf3 Nd4 19. Bxd4 exd4 20. Qf5 Rfe8 21. Qxh7+ Kf8 22. Rfe1 g6 23. Bd3 Re5 24. Bxg6 Qxc4 25. Bd3 Qd5 26. Rxe5 Qxe5 27. Qe4 Qxe4 28. Bxe4 Rd8 29. Rd1 b6 30. Kf1 Ke7 31. Ke2 Kd6 32. Rc1 Ke5 33. Kd3 Rd7 34. g3 a5 35. Rc6 Rd6 36. Rc7 Ke6 37. b5 Be7 38. h4 Kf6 39. f4 Re6 40. a4 Bc5 41. h5 Re8 42. h6 Rh8 43. h7 Ke6 44. g4 Bd6 45. Rc6 Ke7 46. Rxb6 Bxf4 47. Ra6 Rc8 48. Ra8 Rc3+ 49. Kxd4 Rh3 50. h8=Q Be5+ 51. Qxe5+ 1-0

[Event "Edmonton-ch"]
[Site "Edmonton CAN"]
[Date "2015.02.02"]
[Round "2.6"]
[White "Hughey, Micah"]
[Black "Wang, Richard"]
[Result "1/2-1/2"]
[WhiteElo "2091"]
[BlackElo "2373"]
[PlyCount "70"]
[GameId "2160767908985074"]
[EventDate "2015.01.08"]
[EventType "k.o."]
[EventCountry "CAN"]
[SourceTitle "EXT 2019"]
[Source "ChessBase"]
[SourceDate "2018.10.10"]
[SourceVersion "1"]
[SourceVersionDate "2018.10.10"]
[SourceQuality "1"]

1. c4 c6 2. e4 d5 3. exd5 cxd5 4. d4 Nf6 5. Nc3 Nc6 6. Nf3 Bg4 7. cxd5 Nxd5 8. Qb3 Bxf3 9. gxf3 e6 10. Qxb7 Nxd4 11. Bb5+ Nxb5 12. Qc6+ Ke7 13. Qxb5 Nxc3 14. bxc3 Qd5 15. Qe2 f6 16. O-O Kf7 17. Rb1 Be7 18. Rd1 Qc6 19. Be3 a5 20. Rb6 Qc8 21. c4 Rd8 22. c5 Rxd1+ 23. Qxd1 Bxc5 24. Bxc5 Qxc5 25. Rb7+ Kg8 26. Qd7 Qc1+ 27. Kg2 Qg5+ 28. Kf1 Qc1+ 29. Ke2 Qc2+ 30. Ke3 Qc3+ 31. Ke2 Qc2+ 32. Ke1 Qc1+ 33. Ke2 Qc2+ 34. Ke3 Qc3+ 35. Ke2 Qc2+ 1/2-1/2

[Event "Edmonton-ch"]
[Site "Edmonton CAN"]
[Date "2015.02.05"]
[Round "3.1"]
[White "Pechenkin, Vladimir"]
[Black "Wang, Richard"]
[Result "1-0"]
[WhiteElo "2304"]
[BlackElo "2373"]
[PlyCount "49"]
[GameId "2160767908985075"]
[EventDate "2015.01.08"]
[EventType "k.o."]
[EventCountry "CAN"]
[SourceTitle "EXT 2019"]
[Source "ChessBase"]
[SourceDate "2018.10.10"]
[SourceVersion "1"]
[SourceVersionDate "2018.10.10"]
[SourceQuality "1"]

1. c4 c5 2. g3 Nc6 3. Bg2 g6 4. Nc3 Bg7 5. Nf3 d6 6. O-O Qd7 7. e3 e6 8. d4 Nge7 9. dxc5 dxc5 10. Ne4 Qxd1 11. Rxd1 b6 12. Nd6+ Kf8 13. Ng5 f6 14. Nxc8 Rxc8 15. Nxe6+ Kf7 16. Nxg7 Rcd8 17. Bd2 Kxg7 18. Bc3 h5 19. h3 g5 20. Bf3 Ne5 21. Bxe5 fxe5 22. Bxh5 Rxd1+ 23. Bxd1 Rd8 24. Kf1 Nc6 25. Bf3 1-0

[Event "Edmonton-ch"]
[Site "Edmonton CAN"]
[Date "2015.02.12"]
[Round "3.2"]
[White "Wang, Richard"]
[Black "Pechenkin, Vladimir"]
[Result "1-0"]
[WhiteElo "2373"]
[BlackElo "2304"]
[PlyCount "119"]
[GameId "2160767908985076"]
[EventDate "2015.01.08"]
[EventType "k.o."]
[EventCountry "CAN"]
[SourceTitle "EXT 2019"]
[Source "ChessBase"]
[SourceDate "2018.10.10"]
[SourceVersion "1"]
[SourceVersionDate "2018.10.10"]
[SourceQuality "1"]

1. Nf3 e6 2. g3 d5 3. Bg2 Nf6 4. c4 c5 5. O-O Nc6 6. cxd5 exd5 7. d4 Be7 8. Nc3 O-O 9. dxc5 Bxc5 10. Na4 Be7 11. b3 Bg4 12. Bb2 Re8 13. h3 Bf5 14. Nd4 Be4 15. Nxc6 bxc6 16. Rc1 Bxg2 17. Kxg2 Qd6 18. Nc5 Bf8 19. e3 Ne4 20. Bd4 Qg6 21. Nxe4 Qxe4+ 22. Qf3 Qxf3+ 23. Kxf3 Re6 24. Rc2 a5 25. Bc5 h5 26. Rd1 Ra6 27. Rd4 Re8 28. Ra4 Rea8 29. e4 dxe4+ 30. Rxe4 g6 31. Bxf8 Kxf8 32. Rec4 Rc8 33. Kf4 Rc7 34. Rc5 Rc8 35. R2c4 Rc7 36. Ra4 Rca7 37. Re5 Kg7 38. Ke3 f6 39. Rc5 Kf7 40. f4 f5 41. h4 Re7+ 42. Re5 c5 43. Kd3 Rxe5 44. fxe5 Ke6 45. Kc4 Kxe5 46. Kxc5 Ra8 47. Kb6 g5 48. hxg5 Rg8 49. Rxa5+ Ke4 50. Rc5 Rxg5 51. Rc3 Kd4 52. Rc4+ Ke5 53. Rh4 Rxg3 54. Rxh5 Ke4 55. b4 Ra3 56. Rh2 f4 57. Kc6 f3 58. b5 Rc3+ 59. Kb6 Rc4 60. a4 1-0

[Event "Edmonton-ch"]
[Site "Edmonton CAN"]
[Date "2015.02.19"]
[Round "4.1"]
[White "Wang, Richard"]
[Black "Porper, Edward"]
[Result "1-0"]
[WhiteElo "2429"]
[BlackElo "2502"]
[PlyCount "101"]
[GameId "2160767908985077"]
[EventDate "2015.01.08"]
[EventType "k.o."]
[EventCountry "CAN"]

1. d4 Nf6 2. c4 e6 3. g3 Bb4+ 4. Bd2 a5 5. Bg2 d6 6. e4 e5 7. Ne2 O-O 8. a3 Bxd2+ 9. Nxd2 a4 10. O-O Nbd7 11. Qc2 exd4 12. Nxd4 Nc5 13. f4 c6 14. Kh1 Qb6 15. Rae1 Re8 16. e5 dxe5 17. fxe5 Ng4 18. N2f3 Nh6 19. Ng5 g6 20. Qc3 Qd8 21. Qe3 Qe7 22. Qf4 Bg4 23. Re3 Rad8 24. h3 Rxd4 25. Qxd4 Nf5 26. Rxf5 Bxf5 27. Qh4 h5 28. g4 Ne6 29. gxf5 Qxg5 30. Qxg5 Nxg5 31. Rg3 Rxe5 32. Rxg5 Kg7 33. h4 Re2 34. fxg6 fxg6 35. Ra5 Rxb2 36. Rxa4 Kf6 37. Rb4 Rc2 38. Bf1 Ra2 39. Rxb7 Rxa3 40. Rb6 Rf3 41. Rxc6+ Ke5 42. Kg2 Rf4 43. Rxg6 Rxh4 44. Rg5+ Kf4 45. Rg8 Ke3 46. c5 Rb4 47. c6 Rb2+ 48. Kg1 Rc2 49. Bg2 h4 50. Kh2 Kf4 51. Kh3 1-0

[Event "Alberta-ch U20"]
[Site "Edmonton CAN"]
[Date "2014.11.22"]
[Round "1"]
[White "Wang, Richard"]
[Black "Grossmann, Lenard"]
[Result "1-0"]
[WhiteElo "2433"]
[BlackElo "1683"]
[PlyCount "43"]
[GameId "2160767909001867"]
[EventDate "2014.11.22"]
[EventType "tourn"]
[EventRounds "5"]
[EventCountry "CAN"]
[SourceTitle "EXT 2022"]
[Source "ChessBase"]
[SourceDate "2021.10.06"]
[SourceVersion "1"]
[SourceVersionDate "2021.10.06"]
[SourceQuality "1"]

1. Nf3 Nf6 2. d4 e6 3. c4 c5 4. d5 b5 5. Bg5 Qb6 6. Bxf6 gxf6 7. cxb5 Qxb5 8. Qd2 Ba6 9. Nc3 Qb7 10. O-O-O e5 11. d6 Nc6 12. Nd5 Bg7 13. Nc7+ Kd8 14. Nxa8 Qxa8 15. e3 Bxf1 16. Rhxf1 Nb4 17. a3 Nc6 18. Qd5 Rf8 19. Qxc5 Qb7 20. Nh4 Qb3 21. Nf5 Bh8 22. Ne7 1-0

[Event "Alberta-ch U20"]
[Site "Edmonton CAN"]
[Date "2014.11.22"]
[Round "2"]
[White "Mah, Sean"]
[Black "Wang, Richard"]
[Result "0-1"]
[WhiteElo "1624"]
[BlackElo "2433"]
[PlyCount "68"]
[GameId "2160767909001868"]
[EventDate "2014.11.22"]
[EventType "tourn"]
[EventRounds "5"]
[EventCountry "CAN"]
[SourceTitle "EXT 2022"]
[Source "ChessBase"]
[SourceDate "2021.10.06"]
[SourceVersion "1"]
[SourceVersionDate "2021.10.06"]
[SourceQuality "1"]

1. e4 c5 2. Nf3 g6 3. d4 cxd4 4. Nxd4 Nc6 5. Be3 Bg7 6. c3 Nf6 7. Nd2 O-O 8. f3 d5 9. Bd3 e5 10. Nc2 Be6 11. O-O Qc7 12. exd5 Nxd5 13. Qe2 f5 14. Bc4 Na5 15. Rad1 Nxc4 16. Qxc4 Qxc4 17. Nxc4 Nxc3 18. bxc3 Bxc4 19. Rfe1 Rfd8 20. Bg5 Rxd1 21. Rxd1 Bxa2 22. Rd7 b6 23. Nb4 Bc4 24. Nc6 a5 25. Rb7 a4 26. Bc1 a3 27. Rb8+ Rxb8 28. Nxb8 a2 29. Bb2 Bb5 30. Kf2 e4 31. fxe4 fxe4 32. Ke3 Be5 33. Kxe4 Bxb8 34. Kd5 Bxh2 0-1

[Event "Alberta-ch U20"]
[Site "Edmonton CAN"]
[Date "2014.11.22"]
[Round "3"]
[White "Wang, Richard"]
[Black "Wang, Kaixin"]
[Result "1-0"]
[WhiteElo "2433"]
[BlackElo "1751"]
[PlyCount "65"]
[GameId "2160767909001873"]
[EventDate "2014.11.22"]
[EventType "tourn"]
[EventRounds "5"]
[EventCountry "CAN"]
[SourceTitle "EXT 2022"]
[Source "ChessBase"]
[SourceDate "2021.10.06"]
[SourceVersion "1"]
[SourceVersionDate "2021.10.06"]
[SourceQuality "1"]

1. d4 Nf6 2. Nf3 d5 3. c4 c6 4. e3 Bf5 5. Nc3 e6 6. Nh4 g6 7. h3 Ne4 8. Nxf5 exf5 9. Qb3 dxc4 10. Qxb7 Nd7 11. Nxe4 fxe4 12. Bxc4 Bg7 13. Qxc6 O-O 14. Qxe4 Rc8 15. Bb3 Qa5+ 16. Bd2 Qa6 17. Qf3 Nf6 18. Qe2 Qxe2+ 19. Kxe2 Ne4 20. Bb4 Rfe8 21. Rac1 Rb8 22. Ba3 Bxd4 23. exd4 Ng3+ 24. Kd3 Nxh1 25. Rxh1 Kg7 26. Rc1 Rbc8 27. Rxc8 Rxc8 28. Bc5 a6 29. Kc4 Rd8 30. Kb4 Re8 31. d5 Re2 32. d6 Rxb2 33. Kc3 1-0

[Event "Alberta-ch U20"]
[Site "Edmonton CAN"]
[Date "2014.11.23"]
[Round "4"]
[White "Tolentino, Patrick Angelo"]
[Black "Wang, Richard"]
[Result "0-1"]
[WhiteElo "1653"]
[BlackElo "2433"]
[PlyCount "76"]
[GameId "2160767909001875"]
[EventDate "2014.11.22"]
[EventType "tourn"]
[EventRounds "5"]
[EventCountry "CAN"]
[SourceTitle "EXT 2022"]
[Source "ChessBase"]
[SourceDate "2021.10.06"]
[SourceVersion "1"]
[SourceVersionDate "2021.10.06"]
[SourceQuality "1"]

1. e4 e6 2. d4 d5 3. Nc3 Bb4 4. e5 c5 5. Bd2 Ne7 6. Nb5 Bxd2+ 7. Qxd2 O-O 8. f4 Nbc6 9. Nf3 cxd4 10. Nbxd4 Qb6 11. c3 Bd7 12. Bd3 Nxd4 13. Nxd4 Nc6 14. Nf3 f6 15. exf6 Rxf6 16. O-O-O Raf8 17. g3 h6 18. Rhe1 Be8 19. Ne5 Qa5 20. Kb1 Nxe5 21. Rxe5 b5 22. f5 exf5 23. Rxd5 Bf7 24. Rxb5 Qxa2+ 25. Kc2 Rd6 26. Qf4 Rfd8 27. Rb4 Qa5 28. Be2 Rxd1 29. Bxd1 g5 30. Qf2 f4 31. Bf3 Bg6+ 32. Kb3 Qf5 33. gxf4 Bf7+ 34. Ka3 Qa5+ 35. Ra4 Qb5 36. Rb4 Qa6+ 37. Ra4 Qd6+ 38. b4 Qe6 0-1

[Event "Alberta-ch U20"]
[Site "Edmonton CAN"]
[Date "2014.11.23"]
[Round "5"]
[White "Wang, Richard"]
[Black "Shi, Diwen"]
[Result "1/2-1/2"]
[WhiteElo "2433"]
[BlackElo "2230"]
[PlyCount "158"]
[GameId "2160767909001879"]
[EventDate "2014.11.22"]
[EventType "tourn"]
[EventRounds "5"]
[EventCountry "CAN"]
[SourceTitle "EXT 2022"]
[Source "ChessBase"]
[SourceDate "2021.10.06"]
[SourceVersion "1"]
[SourceVersionDate "2021.10.06"]
[SourceQuality "1"]

1. d4 Nf6 2. c4 c5 3. d5 e6 4. Nc3 exd5 5. cxd5 d6 6. Nf3 g6 7. h3 Bg7 8. e4 O-O 9. Bd3 Re8 10. O-O a6 11. a4 Nbd7 12. Bf4 Qe7 13. Re1 Nh5 14. Bh2 Ne5 15. Be2 Nf6 16. Bxe5 dxe5 17. a5 Rb8 18. Qc2 Bh6 19. Na4 Nd7 20. Red1 Qd6 21. Ne1 Bf8 22. Nd3 Qc7 23. b4 c4 24. Ndc5 b5 25. axb6 Nxb6 26. Nxb6 Qxb6 27. Rdb1 Re7 28. Bxc4 Rc7 29. Qd3 Ra8 30. Bxa6 Bxc5 31. bxc5 Qxc5 32. d6 Rc6 33. Bxc8 Raxc8 34. d7 Rd8 35. Rb5 Rd6 36. Rxc5 Rxd3 37. Rxe5 R3xd7 38. g4 Kg7 39. g5 h6 40. h4 f6 41. gxf6+ Kxf6 42. Rb5 Re7 43. Ra6+ Re6 44. Rxe6+ Kxe6 45. Rb6+ Ke5 46. Rxg6 Kxe4 47. Rxh6 Kf3 48. Rf6+ Kg4 49. Rh6 Kf3 50. h5 Rd1+ 51. Kh2 Kxf2 52. Rf6+ Ke3 53. Kg3 Rg1+ 54. Kh4 Ke4 55. h6 Rh1+ 56. Kg5 Ke5 57. Rf2 Ke6 58. Kg6 Rg1+ 59. Kh7 Ke7 60. Ra2 Kf7 61. Rf2+ Ke7 62. Kh8 Ke8 63. Ra2 Kf8 64. Ra7 Rh1 65. Kh7 Rg1 66. Rg7 Rh1 67. Rg5 Kf7 68. Rf5+ Ke7 69. Kg7 Rg1+ 70. Kh8 Rg2 71. h7 Rg1 72. Ra5 Kf8 73. Ra8+ Kf7 74. Rg8 Rh1 75. Rg2 Rf1 76. Rg3 Rf2 77. Rg7+ Kf8 78. Rg8+ Kf7 79. Rf8+ Kxf8 1/2-1/2

[Event "Battle of Alberta"]
[Site "Red Deer CAN"]
[Date "2014.09.13"]
[Round "1.2"]
[White "Rekhson, Vladislav"]
[Black "Wang, Richard"]
[Result "1/2-1/2"]
[WhiteElo "2252"]
[BlackElo "2433"]
[PlyCount "64"]
[GameId "2160767909035693"]
[EventDate "2014.09.13"]
[EventType "team-match"]
[EventRounds "2"]
[EventCountry "CAN"]
[SourceTitle "EXT 2022"]
[Source "ChessBase"]
[SourceDate "2021.10.06"]
[SourceVersion "1"]
[SourceVersionDate "2021.10.06"]
[SourceQuality "1"]
[WhiteTeam "South"]
[BlackTeam "North"]
[WhiteTeamCountry "CAN"]
[BlackTeamCountry "CAN"]

1. e4 e6 2. d4 d5 3. exd5 exd5 4. Nf3 Bd6 5. Bd3 Nc6 6. O-O Bg4 7. c3 Nge7 8. Re1 Qd7 9. b4 O-O 10. Nbd2 Ng6 11. h3 Nf4 12. Bf1 Bh5 13. Nb3 Rae8 14. Bxf4 Bxf4 15. Nc5 Qc8 16. Nd3 Bd6 17. Nde5 f6 18. Nxc6 bxc6 19. Qd3 g5 20. Rxe8 Rxe8 21. Re1 Rxe1 22. Nxe1 Qe8 23. Nc2 Bf4 24. g3 Bc1 25. Ne3 Bg6 26. Nf5 Bb2 27. g4 Qe4 28. Qxe4 dxe4 29. Ne7+ Kf8 30. Nxc6 Bxc3 31. Bc4 Be8 32. Bd5 Bxc6 1/2-1/2

[Event "Battle of Alberta"]
[Site "Red Deer CAN"]
[Date "2014.09.13"]
[Round "2.2"]
[White "Wang, Richard"]
[Black "Rekhson, Vladislav"]
[Result "1-0"]
[WhiteElo "2433"]
[BlackElo "2252"]
[PlyCount "91"]
[GameId "2160767909035705"]
[EventDate "2014.09.13"]
[EventType "team-match"]
[EventRounds "2"]
[EventCountry "CAN"]
[SourceTitle "EXT 2022"]
[Source "ChessBase"]
[SourceDate "2021.10.06"]
[SourceVersion "1"]
[SourceVersionDate "2021.10.06"]
[SourceQuality "1"]
[WhiteTeam "North"]
[BlackTeam "South"]
[WhiteTeamCountry "CAN"]
[BlackTeamCountry "CAN"]

1. d4 Nf6 2. Nf3 c5 3. e3 g6 4. dxc5 Bg7 5. Nc3 O-O 6. Qd4 Nc6 7. Qc4 b6 8. cxb6 Qxb6 9. Be2 d6 10. O-O Be6 11. Qb5 Qc7 12. Nd4 Bd7 13. Qc4 Rfc8 14. Nxc6 Bxc6 15. Bd2 Qb7 16. Qb3 Bxg2 17. Rfc1 Rab8 18. Qxb7 Bxb7 19. f3 Nd5 20. Nd1 Ba8 21. c3 f5 22. Rab1 e5 23. c4 Ne7 24. Nc3 d5 25. Nb5 a6 26. Nd6 Rc6 27. c5 Nc8 28. Nxc8 Rbxc8 29. b4 e4 30. Bc3 Re6 31. Bxg7 Kxg7 32. fxe4 dxe4 33. a4 g5 34. b5 f4 35. Bg4 Kf6 36. Bxe6 Kxe6 37. c6 axb5 38. axb5 Kd6 39. Rc4 Kd5 40. Rd4+ Ke5 41. Rbb4 fxe3 42. Rxe4+ Kf5 43. Rxe3 h5 44. Rc3 h4 45. b6 Bxc6 46. Rbc4 1-0

[Event "North American-ch U20"]
[Site "Kitchener CAN"]
[Date "2014.07.31"]
[Round "1.2"]
[White "Li, Yinshi"]
[Black "Wang, Richard"]
[Result "0-1"]
[WhiteElo "1928"]
[BlackElo "2365"]
[PlyCount "38"]
[GameId "2160767909052827"]
[EventDate "2014.07.31"]
[EventType "swiss"]
[EventRounds "9"]
[EventCountry "CAN"]
[SourceTitle "EXT 2022"]
[Source "ChessBase"]
[SourceDate "2021.10.06"]
[SourceVersion "1"]
[SourceVersionDate "2021.10.06"]
[SourceQuality "1"]

1. d4 d5 2. c4 c6 3. Nf3 Nf6 4. Nc3 dxc4 5. a4 Bf5 6. Ne5 Na6 7. f3 Nd7 8. Nxc4 e5 9. e4 exd4 10. Qxd4 Nb4 11. Qd1 Be6 12. Bf4 Nc5 13. Nd6+ Bxd6 14. Bxd6 Bb3 15. Bxc5 Bxd1 16. Rxd1 Qa5 17. Bd6 O-O-O 18. Bc4 Rxd6 19. Rxd6 Qc5 0-1

[Event "North American-ch U20"]
[Site "Kitchener CAN"]
[Date "2014.07.31"]
[Round "2.2"]
[White "Wang, Richard"]
[Black "Pamatmat, Jarod"]
[Result "1-0"]
[WhiteElo "2365"]
[BlackElo "2120"]
[PlyCount "95"]
[GameId "2160767909052852"]
[EventDate "2014.07.31"]
[EventType "swiss"]
[EventRounds "9"]
[EventCountry "CAN"]
[SourceTitle "EXT 2022"]
[Source "ChessBase"]
[SourceDate "2021.10.06"]
[SourceVersion "1"]
[SourceVersionDate "2021.10.06"]
[SourceQuality "1"]

1. d4 d5 2. Nf3 Nf6 3. e3 e6 4. Bd3 b6 5. b3 Be7 6. O-O O-O 7. Bb2 c5 8. Ne5 Bb7 9. Nd2 Nbd7 10. f4 Ne4 11. Nxe4 dxe4 12. Bc4 Nxe5 13. fxe5 Bg5 14. Qe2 a6 15. a4 Bd5 16. Bxd5 exd5 17. a5 cxd4 18. Bxd4 b5 19. c4 bxc4 20. bxc4 Qd7 21. Rfd1 Qe6 22. cxd5 Qxd5 23. Qg4 Bh6 24. Rdc1 Rfe8 25. Rc5 Qb7 26. Rac1 Rad8 27. Rc7 Qd5 28. Rf1 Rf8 29. Ra7 g6 30. Rxa6 Bxe3+ 31. Bxe3 Qd3 32. Raf6 Qxe3+ 33. Kh1 h5 34. Qh4 Qe2 35. h3 e3 36. Kh2 Rd1 37. Rxd1 Qxd1 38. e6 e2 39. exf7+ Kg7 40. Re6 Rxf7 41. Qe4 Rf6 42. Qxe2 Qxe2 43. Rxe2 Ra6 44. Ra2 Kf6 45. Kg3 Kg5 46. Kf3 Kf5 47. Ke3 Ke5 48. Kd3 1-0

[Event "North American-ch U20"]
[Site "Kitchener CAN"]
[Date "2014.08.01"]
[Round "3.2"]
[White "Ivanov, Mike"]
[Black "Wang, Richard"]
[Result "1-0"]
[WhiteElo "2137"]
[BlackElo "2365"]
[PlyCount "85"]
[GameId "2160767909061069"]
[EventDate "2014.07.31"]
[EventType "swiss"]
[EventRounds "9"]
[EventCountry "CAN"]
[SourceTitle "EXT 2022"]
[Source "ChessBase"]
[SourceDate "2021.10.06"]
[SourceVersion "1"]
[SourceVersionDate "2021.10.06"]
[SourceQuality "1"]

1. e4 c5 2. Nf3 d6 3. d4 cxd4 4. Qxd4 a6 5. Be3 Nc6 6. Qd2 g6 7. Nc3 Bg7 8. Nd5 Rb8 9. Bb6 Qd7 10. O-O-O Bh6 11. Be3 Bg7 12. Bc4 b5 13. Bb3 Qb7 14. Nd4 Ne5 15. Qc3 b4 16. Qd2 Ng4 17. Bg5 e6 18. f3 N4f6 19. Nxf6+ Nxf6 20. Ne2 d5 21. Qd4 Nh5 22. Qc5 Bf8 23. Qd4 Bg7 24. Qc5 Bf8 25. Qe3 f6 26. Bh4 g5 27. Bf2 Bd6 28. exd5 e5 29. h4 g4 30. f4 O-O 31. fxe5 fxe5 32. Qg5+ Ng7 33. Bg3 Bf5 34. h5 Qb5 35. h6 Rf7 36. Nd4 exd4 37. Bxd6 Rb6 38. Be5 Rg6 39. Qd2 Ne8 40. Qxd4 Nd6 41. Bxd6 Rxd6 42. Qe5 Qc5 43. Rhf1 1-0

[Event "North American-ch U20"]
[Site "Kitchener CAN"]
[Date "2014.08.01"]
[Round "4.5"]
[White "Wang, Richard"]
[Black "Liao, Simone"]
[Result "1-0"]
[WhiteElo "2365"]
[BlackElo "2027"]
[PlyCount "59"]
[GameId "2160767909061097"]
[EventDate "2014.07.31"]
[EventType "swiss"]
[EventRounds "9"]
[EventCountry "CAN"]
[SourceTitle "EXT 2022"]
[Source "ChessBase"]
[SourceDate "2021.10.06"]
[SourceVersion "1"]
[SourceVersionDate "2021.10.06"]
[SourceQuality "1"]

1. d4 d5 2. Nf3 Nf6 3. e3 Bf5 4. c4 e6 5. Nc3 c6 6. Nh4 Be4 7. f3 Bg6 8. Qb3 Qc7 9. Bd2 Be7 10. g3 Nbd7 11. cxd5 Nxd5 12. Nxg6 hxg6 13. e4 Nxc3 14. bxc3 Nf6 15. Rb1 b6 16. e5 Nd7 17. f4 Rd8 18. Bg2 g5 19. O-O gxf4 20. gxf4 g6 21. Rbd1 Kf8 22. c4 Nb8 23. Bc3 Rh5 24. Rd2 Kg7 25. Be4 Rh3 26. Qc2 b5 27. Rg2 Qb6 28. Bxg6 Kf8 29. Bxf7 Ba3 30. Bxe6 1-0

[Event "North American-ch U20"]
[Site "Kitchener CAN"]
[Date "2014.08.02"]
[Round "5.3"]
[White "Song, Michael"]
[Black "Wang, Richard"]
[Result "0-1"]
[WhiteElo "2252"]
[BlackElo "2365"]
[PlyCount "76"]
[GameId "2160767909061120"]
[EventDate "2014.07.31"]
[EventType "swiss"]
[EventRounds "9"]
[EventCountry "CAN"]
[SourceTitle "EXT 2022"]
[Source "ChessBase"]
[SourceDate "2021.10.06"]
[SourceVersion "1"]
[SourceVersionDate "2021.10.06"]
[SourceQuality "1"]

1. d4 d5 2. c4 c6 3. Nf3 Nf6 4. Nc3 dxc4 5. a4 Bf5 6. Nh4 e6 7. Nxf5 exf5 8. e3 Bb4 9. Bxc4 O-O 10. Qc2 g6 11. O-O Nbd7 12. f3 Qe7 13. e4 c5 14. e5 cxd4 15. exf6 Qc5 16. Qb3 dxc3+ 17. Kh1 Nb6 18. Be2 Rfd8 19. bxc3 Qxc3 20. Rb1 Qxb3 21. Rxb3 a5 22. Ba3 Rd4 23. Bb5 Bxa3 24. Rxa3 Nd5 25. Rc1 Nxf6 26. Rac3 Nd5 27. Rc8+ Rxc8 28. Rxc8+ Kg7 29. g3 Nb6 30. Rc7 Nxa4 31. Bxa4 Rxa4 32. Rxb7 Ra2 33. Rb6 a4 34. Ra6 a3 35. f4 Kf8 36. Ra7 Ke8 37. Kg1 Kd8 38. Rxf7 Rb2 0-1